| 000 | 00817cam a2200217 4500 | ||
|---|---|---|---|
| 001 | WB3906-18 | ||
| 008 | 030211n2003 000 0 eng u | ||
| 035 | _a(Sirsi) u121328 | ||
| 245 | _aRaising the ratio | ||
| 260 | _c2003 | ||
| 490 |
_aRICS Press Release _v(pr010) 11 February 2003 (2) |
||
| 520 | _aContinuing its drive to attract more women into the property and construction professions, RICS convened a meeting between sector heads to build on the foundations already laid by RICS and its Raising the Ratio campaign. | ||
| 590 | _aWB | ||
| 650 | _aRICS RAISING THE RATIO CAMPAIGN | ||
| 650 | _aWOMEN IN SURVEYING | ||
| 650 | _aCONSTRUCTION INDUSTRY | ||
| 650 | _aWORKING CONDITIONS | ||
| 650 | _aEQUAL OPPORTUNITIES | ||
| 690 | _aMANAGEMENT-BUSINESS MANAGEMENT-PROFESSIONAL PRACTICE | ||
| 942 | _n0 | ||
| 999 |
_c72098 _d72098 |
||